000 00947nam0a2200301 4500
001 RU\NLR\bibl\981405
005 20260405153049.0
010 _a5-483-00153-2
_93000
021 _aRU
_b2006-45292
_92266
035 _a(NLR Aleph) 000969298
090 _a389001
_c389001
100 _a20060906d2006 |||y0rusy50 ca
101 0 _arus
102 _aRU
105 _ay |||||||||
200 1 _aГиль-гуль
_e[роман]
_fЕлена Некрасова
210 _aСанкт-Петербург
_cАмфора
_cRedFish
_d2006
215 _a285, [1] с.
_d21
225 1 _aЛиния жизни
686 _aШ6(2=Р)75-440.4
700 1 _4070
_8rus
_7ca
_aНекрасова
_bЕ. А.
_cписатель
_f1964-
_gЕлена Анатольевна
_3RU\NLR\AUTH\7764097
_947026
801 0 _aRU
_bNLR
_c20060906
_grcr
801 1 _aRU
_bNLR
_c20060906
942 _cBOOK
980 _aNB